Stati dell'Asian–African Legal Consultative Organization - Statistics

Statistiche generali
  • Questo quiz è stato fatto 5 volte
  • Il punteggio medio è 36 su 47
Statistiche sulle risposte
Continente Nazione % Corretto
Asia Arabia Saudita
100%
Asia Bangladesh
100%
Asia Cina
100%
Asia Corea del Sud
100%
Asia Giappone
100%
Asia Giordania
100%
Asia India
100%
Asia Iran
100%
Asia Iraq
100%
Africa Kenya
100%
Asia Libano
100%
Africa Nigeria
100%
Asia Oman
100%
Asia Pakistan
100%
Asia Qatar
100%
Africa Senegal
100%
Asia Siria
100%
Africa Somalia
100%
Asia Sri Lanka
100%
Africa Sudafrica
100%
Asia / Europa Turchia
100%
Asia Vietnam
100%
Asia Bahrein
67%
Asia Birmania
67%
Asia Brunei
67%
Asia Corea del Nord
67%
Africa Egitto
67%
Africa Ghana
67%
Asia Indonesia
67%
Asia Kuwait
67%
Africa Mauritius
67%
Asia Mongolia
67%
Asia Nepal
67%
Africa Sierra Leone
67%
Asia Singapore
67%
Africa Sudan
67%
Africa Tanzania
67%
Asia Thailandia
67%
Africa Uganda
67%
Asia Yemen
67%
Africa Camerun
33%
Asia Cipro
33%
Asia Filippine
33%
Africa Gambia
33%
Africa Libia
33%
Asia Malaysia
33%
Asia Palestina
33%
Nessun quiz corrispondente trovato
Distribuzione punteggi
Percentuale di utenti per punteggio
Percentile per numero di risposta
I tuoi punteggi nel tempo
Non hai fatto questo quiz